<?xml version="1.0" encoding="UTF-8"?>
<collection xmlns="http://www.loc.gov/MARC21/slim">
<record>
  <controlfield tag="001">6347</controlfield>
  <controlfield tag="005">20230203102416.0</controlfield>
  <datafield tag="024" ind1="7" ind2=" ">
    <subfield code="a">10.1038/s41598-022-22752-6</subfield>
    <subfield code="2">DOI</subfield>
  </datafield>
  <datafield tag="037" ind1=" " ind2=" ">
    <subfield code="a">SCART-2023-0112</subfield>
  </datafield>
  <datafield tag="100" ind1=" " ind2=" ">
    <subfield code="a">Ammirati, Jean Baptiste</subfield>
  </datafield>
  <datafield tag="245" ind1=" " ind2=" ">
    <subfield code="a">Stress transmission along mid-crustal faults highlighted by the 2021 Mw 6.5 San Juan (Argentina) earthquake</subfield>
  </datafield>
  <datafield tag="260" ind1=" " ind2=" ">
    <subfield code="c">2022</subfield>
  </datafield>
  <datafield tag="520" ind1=" " ind2=" ">
    <subfield code="a">Understanding the mechanisms of crustal deformation along convergent margins is critical to identifying seismogenic structures and assessing earthquake hazards for nearby urban centers. In the southern central Andes (28–33°S), differences in the style of middle to upper-crustal deformation and associated seismicity are highlighted by the January 19th, 2021 (Mw 6.5) San Juan earthquake. We integrate waveforms recorded at regional and teleseismic distances with co-seismic displacements calculated from local Global Navigation Satellite System time series, to re-estimate the source parameters of the 2021 San Juan earthquake, confirming a mid-crustal nucleation depth (21 ± 2 km) and right-lateral transpressional mechanism. Considered alongside decades of seismic observations and geological data, this event provides evidence for retroarc deformation partitioning among inherited basement faults and upper-crustal structures in response to oblique convergence of the Nazca and South American plates. As they may transfer shortening to active upper-crustal faults associated with historically devastating shallower earthquakes, a better understanding of seismogenic basement faults such as the mid-crustal structure activated during the 2021 San Juan earthquake earthquake could help future re-assessment of the seismic risk in western Argentina.</subfield>
  </datafield>
  <datafield tag="594" ind1=" " ind2=" ">
    <subfield code="a">NO</subfield>
  </datafield>
  <datafield tag="700" ind1=" " ind2=" ">
    <subfield code="a">Mackaman-Lofland, Chelsea</subfield>
  </datafield>
  <datafield tag="700" ind1=" " ind2=" ">
    <subfield code="a">Zeckra, Martin</subfield>
  </datafield>
  <datafield tag="700" ind1=" " ind2=" ">
    <subfield code="a">Gobron, Kevin</subfield>
  </datafield>
  <datafield tag="773" ind1=" " ind2=" ">
    <subfield code="p">Scientific Reports</subfield>
    <subfield code="v"> 12</subfield>
    <subfield code="y">2022</subfield>
    <subfield code="n">1</subfield>
    <subfield code="c">Article number: 17939</subfield>
  </datafield>
  <datafield tag="856" ind1="0" ind2=" ">
    <subfield code="f">martin.zeckra@observatory.be</subfield>
  </datafield>
  <datafield tag="856" ind1="4" ind2="2">
    <subfield code="a">https://www.nature.com/articles/s41598-022-22752-6</subfield>
  </datafield>
  <datafield tag="856" ind1="4" ind2=" ">
    <subfield code="s">7333749</subfield>
    <subfield code="u">http://publi2-as.oma.be/record/6347/files/s41598-022-22752-6.pdf</subfield>
  </datafield>
  <datafield tag="856" ind1="4" ind2=" ">
    <subfield code="s">20893</subfield>
    <subfield code="u">http://publi2-as.oma.be/record/6347/files/s41598-022-22752-6.jpg?subformat=icon-180</subfield>
    <subfield code="x">icon-180</subfield>
  </datafield>
  <datafield tag="856" ind1="4" ind2=" ">
    <subfield code="s">9312</subfield>
    <subfield code="u">http://publi2-as.oma.be/record/6347/files/s41598-022-22752-6.gif?subformat=icon</subfield>
    <subfield code="x">icon</subfield>
  </datafield>
  <datafield tag="905" ind1=" " ind2=" ">
    <subfield code="a">published in</subfield>
  </datafield>
  <datafield tag="980" ind1=" " ind2=" ">
    <subfield code="a">REFERD</subfield>
  </datafield>
</record>
</collection>